| 000 | 00647nam a2200193 a 4500 | ||
|---|---|---|---|
| 005 | 20230127063530.0 | ||
| 008 | 050926s2002 mx r 000 0 spa d | ||
| 020 | _a8476586345 | ||
| 035 | _aUPN01000140316 | ||
| 049 | _aCG | ||
| 050 | 4 |
_aJA71 _bG3.7 |
|
| 100 | 1 | _aGarza, María Teresa de la | |
| 245 | 1 | 0 |
_aPolítica de la memoria : _buna mirada sobre Occidente desde el margen / _cMaría Teresa de la Garza. |
| 260 |
_aBarcelona : _bAnthropos ; _aMéxico : _bUniversidad Iberoamericana, _c2002. |
||
| 300 | _axi, 179 p. | ||
| 440 | 0 |
_aPensamiento crítico/pensamiento utópico ; _v128 |
|
| 650 | 2 |
_aFilosofía política _95807 |
|
| 905 | _aLibro | ||
| 999 |
_c112464 _d112464 |
||